000
00317nam a22001457a 4500
008
221108b ||||| |||| 00| 0 eng d
020
_a
9780813317762
041
_a
eng
080
_a
61
082
_a
61 JAG
100
_a
4
101
_a
MJK
245
_a
LIVING WITH CONTRADICTIONS
_c
JAGGAR M.A
942
_2
udc
_c
BK
999
_c
58790
_d
58790